| Tag |
First Indicator |
Second Indicator |
Subfields |
| LEADER |
00000cam a2200000 4500 |
| 001 |
in00000023181 |
| 005 |
20151007064321.0 |
| 008 |
720714s1965 nbu 00000 eng u |
| 010 |
|
|
|a 65011520
|
| 035 |
|
|
|a (OCoLC)00356750
|
| 035 |
|
|
|9 AAD9557AM
|
| 040 |
|
|
|c WSU
|d OCL
|d TXA
|d UtOrBLW
|
| 049 |
|
|
|a TXAM
|c [454512]
|
| 050 |
0 |
0 |
|a PR3144
|b .T7 1965
|
| 092 |
|
|
|a 822
|b S558t
|
| 100 |
1 |
|
|a Shirley, James,
|d 1596-1666.
|
| 245 |
1 |
4 |
|a The traitor /
|c Edited by John Stewart Carter.
|
| 264 |
|
1 |
|a Lincoln :
|b University of Nebraska Press,
|c [1965]
|
| 300 |
|
|
|a xviii, 111 pages ;
|c 22 cm.
|
| 336 |
|
|
|a text
|b txt
|2 rdacontent
|
| 337 |
|
|
|a unmediated
|b n
|2 rdamedia
|
| 338 |
|
|
|a volume
|b nc
|2 rdacarrier
|
| 490 |
1 |
|
|a Regents Renaissance drama series
|
| 700 |
1 |
|
|a Carter, John Stewart,
|d 1911-1965.
|
| 830 |
|
0 |
|a Regents Renaissance drama series.
|
| 999 |
|
|
|a MARS
|
| 999 |
f |
f |
|s 6f8d2386-f16a-3e70-8f68-cf0516e6b738
|i 0185609d-80ae-38af-88ad-8a667ba8af49
|t 0
|
| 952 |
f |
f |
|p ric
|a Texas A&M University
|b Rellis Campus
|c Joint Library Facility
|d Remote Storage
|t 0
|e PR3144 .T7 1965
|h Library of Congress classification
|i unmediated -- volume
|m A14801300280
|
| 998 |
f |
f |
|a PR3144 .T7 1965
|t 0
|l Remote Storage
|